Tokugawa Shogun 徳川将軍 - Statistics

General Stats
  • This quiz has been taken 38 times
    15 since last reset
  • The average score is 4 of 15
Answer Stats
Hint Answer % Correct
1.
初代
Ieyasu
家康
73%
2.
2代
Hidetada
秀忠
64%
3.
3代
Iemitsu
家光
64%
5.
5代
Tsunayoshi
綱吉
45%
4.
4代
Ietsuna
家綱
36%
11.
11代
Ienari
家斉
18%
9.
9代
Ieshige
家重
18%
7.
7代
Ietsugu
家継
18%
8.
8代
Yoshimune
吉宗
18%
15.
15代
Yoshinobu
慶喜
18%
10.
10代
Ieharu
家治
9%
14.
14代
Iemochi
家茂
9%
13.
13代
Iesada
家定
9%
12.
12代
Ieyoshi
家慶
9%
6.
6代
Ienobu
家宣
0%
No matching quizzes found
Score Distribution
Percent of People with Each Score
Percentile by Number Answered
Your Score History
You have not taken this quiz since the last reset